[Event "Titled Tuesday intern op 13th Feb Early"]
[Site "Chess.com INT"]
[Date "2024.02.13"]
[Round "9"]
[White "Aguiar De Sousa, Daniel"]
[Black "Smietanska, Wiktoria"]
[Result "0-1"]
[WhiteElo "2021"]
[BlackElo "1937"]
[PlyCount "52"]
[EventDate "2024.02.13"]
[EventType "swiss (blitz)"]
[EventRounds "11"]
[EventCountry "USA"]
[SourceTitle "CB08_2024"]
[SourceDate "2024.02.21"]
[SourceVersion "1"]
[SourceVersionDate "2024.02.21"]
[SourceQuality "1"]

1. d4 Nf6 2. Nf3 g6 3. e3 Bg7 4. Bd3 d6 5. 0-0 0-0 6. Nbd2 Nbd7 7. b3 e5 8. dxe5 dxe5 9. Bb2 Re8 10. e4 c6 11. Qe2 Qc7 12. Bc4 b5 13. Bd3 Bb7 14. c4 a6 15. cxb5 cxb5 16. Rac1 Qb6 17. b4 Qd6 18. a3 Rac8 19. Nb3 Rxc1 20. Rxc1 Rc8 21. Rd1 Qe6 22. Na5 Ba8 23. Ba1 Nh5 24. Qb2 Nf4 25. Bb1 Qg4 26. Ne1 Qxd1 0-1

[Event "Titled Tuesday intern op 13th Feb Late"]
[Site "Chess.com INT"]
[Date "2024.02.13"]
[Round "6"]
[White "Aguiar De Sousa, Daniel"]
[Black "Van Baar, Esper"]
[Result "0-1"]
[WhiteElo "2021"]
[BlackElo "2208"]
[PlyCount "50"]
[EventDate "2024.02.13"]
[EventType "swiss (blitz)"]
[EventRounds "11"]
[EventCountry "USA"]
[SourceTitle "CB08_2024"]
[SourceDate "2024.02.21"]
[SourceVersion "1"]
[SourceVersionDate "2024.02.21"]
[SourceQuality "1"]

1. d4 Nf6 2. Nf3 g6 3. e3 Bg7 4. Bd3 0-0 5. Nbd2 d5 6. b3 c6 7. Bb2 Bf5 8. Bxf5 gxf5 9. Ne5 Nbd7 10. 0-0 Ne4 11. f4 Nxe5 12. dxe5 e6 13. Nf3 c5 14. Ba3 Qa5 15. Bb2 Rfd8 16. c4 dxc4 17. Qc1 c3 18. Ba3 Rd3 19. Rb1 Rad8 20. b4 cxb4 21. Bxb4 Qxa2 22. Nd4 Rd2 23. Nf3 Rxg2+ 24. Kh1 Rdd2 25. Nxd2 Rxd2 0-1

[Event "Titled Tuesday intern op 13th Feb Early"]
[Site "Chess.com INT"]
[Date "2024.02.13"]
[Round "8"]
[White "Barbot, Pierre"]
[Black "Aguiar De Sousa, Daniel"]
[Result "1/2-1/2"]
[WhiteElo "2426"]
[BlackElo "2021"]
[PlyCount "95"]
[EventDate "2024.02.13"]
[EventType "swiss (blitz)"]
[EventRounds "11"]
[EventCountry "USA"]
[SourceTitle "CB08_2024"]
[SourceDate "2024.02.21"]
[SourceVersion "1"]
[SourceVersionDate "2024.02.21"]
[SourceQuality "1"]

1. d4 Nf6 2. Nf3 g6 3. Bf4 Bg7 4. e3 d6 5. h3 c5 6. Nbd2 cxd4 7. exd4 Qb6 8. Nb3 Nc6 9. c3 0-0 10. Be2 e5 11. dxe5 dxe5 12. Bh2 e4 13. Nfd4 Nxd4 14. Qxd4 Rd8 15. Qxb6 axb6 16. Bb5 Bd7 17. Bxd7 Rxd7 18. Ke2 Ne8 19. Rhd1 Rad8 20. Rxd7 Rxd7 21. Rd1 Rxd1 22. Kxd1 f5 23. Nd2 b5 24. Kc2 Kf7 25. Kb3 Nf6 26. Kb4 Ke6 27. Kxb5 Kd5 28. Nb3 g5 29. c4+ Ke6 30. Nc5+ Ke7 31. b4 f4 32. Kb6 e3 33. fxe3 fxe3 34. Bg3 Bf8 35. Kxb7 Kf7 36. a4 Bxc5 37. bxc5 Ne4 38. Be1 Nxc5+ 39. Kc6 Nxa4 40. Kd5 Nb2 41. Kd4 e2 42. c5 Na4 43. Kc4 Ke6 44. Kb4 Nb2 45. Kc3 Na4+ 46. Kb4 Nb2 47. Kc3 Na4+ 48. Kb4 1/2-1/2

[Event "Titled Tuesday intern op 13th Feb Late"]
[Site "Chess.com INT"]
[Date "2024.02.13"]
[Round "2"]
[White "Korol, Dimitry"]
[Black "Aguiar De Sousa, Daniel"]
[Result "1-0"]
[WhiteElo "2287"]
[BlackElo "2021"]
[PlyCount "71"]
[EventDate "2024.02.13"]
[EventType "swiss (blitz)"]
[EventRounds "11"]
[EventCountry "USA"]
[SourceTitle "CB08_2024"]
[SourceDate "2024.02.21"]
[SourceVersion "1"]
[SourceVersionDate "2024.02.21"]
[SourceQuality "1"]

1. d4 Nf6 2. c4 g6 3. Nc3 Bg7 4. e4 d6 5. Nf3 0-0 6. Be2 e5 7. dxe5 dxe5 8. Qxd8 Rxd8 9. Bg5 Re8 10. 0-0-0 c6 11. Nxe5 Rxe5 12. Rd8+ Re8 13. Bxf6 Rxd8 14. Bxd8 Be6 15. Kc2 Na6 16. Be7 f5 17. f3 Re8 18. Bd6 c5 19. a3 b6 20. Rd1 Bf7 21. Bf4 h6 22. h4 Kh7 23. Rd7 Be6 24. Rxa7 Bc8 25. Bd3 g5 26. hxg5 hxg5 27. Bxg5 Kg6 28. Bf4 Be5 29. exf5+ Kf6 30. Bh6 Nc7 31. Ne4+ Ke7 32. f4 Bd6 33. Nxd6 Kxd6 34. Bg7 Kc6 35. Be5 Na6 36. Be4# 1-0

[Event "Titled Tuesday intern op 13th Feb Late"]
[Site "Chess.com INT"]
[Date "2024.02.13"]
[Round "5"]
[White "Novikova, Margarita"]
[Black "Aguiar de Sousa, Daniel"]
[Result "1-0"]
[WhiteElo "1999"]
[BlackElo "2021"]
[PlyCount "69"]
[EventDate "2024.02.13"]
[EventType "swiss (blitz)"]
[EventRounds "11"]
[EventCountry "USA"]
[SourceTitle "CB08_2024"]
[SourceDate "2024.02.21"]
[SourceVersion "1"]
[SourceVersionDate "2024.02.21"]
[SourceQuality "1"]

1. e4 c5 2. Nc3 Nc6 3. d3 d6 4. Be3 e5 5. Qd2 Nd4 6. Nd1 Ne7 7. c3 Ne6 8. g3 f5 9. Bg2 h6 10. f4 fxe4 11. dxe4 exf4 12. gxf4 Nc6 13. Nf2 Bd7 14. 0-0-0 Qa5 15. Kb1 Be7 16. f5 Nc7 17. Ne2 Ne5 18. Nf4 0-0-0 19. Nd5 Nxd5 20. Qxd5 Bc6 21. Qb3 Ba4 22. Qe6+ Bd7 23. Qxe7 Nc4 24. Bc1 Rhe8 25. Qf7 Ne5 26. Qb3 Ba4 27. Qd5 Bxd1 28. Rxd1 Qa6 29. Nd3 Nc4 30. Nf4 Re5 31. Qd3 b5 32. Ne6 Re8 33. b3 R5xe6 34. fxe6 Rxe6 35. Bh3 1-0

[Event "Titled Tuesday intern op 06th Feb Early"]
[Site "Chess.com INT"]
[Date "2024.02.06"]
[Round "5"]
[White "Aguiar de Sousa, Daniel"]
[Black "Acikel, Mert"]
[Result "1-0"]
[WhiteElo "2021"]
[BlackElo "2241"]
[PlyCount "57"]
[EventDate "2024.02.06"]
[EventType "swiss (blitz)"]
[EventRounds "11"]
[EventCountry "USA"]
[SourceTitle "CB07_2024"]
[SourceDate "2024.02.14"]
[SourceVersion "1"]
[SourceVersionDate "2024.02.14"]
[SourceQuality "1"]

1. d4 d5 2. Nf3 Nf6 3. e3 e6 4. Bd3 c5 5. c3 Nc6 6. Ne5 c4 7. Bc2 Nxe5 8. dxe5 Nd7 9. f4 Qh4+ 10. g3 Qh3 11. Qe2 b5 12. Nd2 Bc5 13. Nf3 Bb7 14. Bd2 a5 15. 0-0-0 Be7 16. Rhg1 h5 17. Nd4 b4 18. Rdf1 0-0 19. g4 hxg4 20. Rg3 Qh6 21. Rxg4 b3 22. axb3 cxb3 23. Bb1 Ba6 24. Bd3 Bxd3 25. Qxd3 Nc5 26. Qe2 Qh7 27. f5 Kh8 28. Be1 exf5 29. Nxf5 1-0

[Event "Titled Tuesday intern op 06th Feb Early"]
[Site "Chess.com INT"]
[Date "2024.02.06"]
[Round "1"]
[White "Aguiar de Sousa, Daniel"]
[Black "Lopusiewicz, Piotr"]
[Result "0-1"]
[WhiteElo "2021"]
[BlackElo "2301"]
[PlyCount "46"]
[EventDate "2024.02.06"]
[EventType "swiss (blitz)"]
[EventRounds "11"]
[EventCountry "USA"]
[SourceTitle "CB07_2024"]
[SourceDate "2024.02.14"]
[SourceVersion "1"]
[SourceVersionDate "2024.02.14"]
[SourceQuality "1"]

1. d4 Nf6 2. Nf3 d5 3. e3 c5 4. b3 cxd4 5. exd4 Nc6 6. a3 Bf5 7. Bd3 e6 8. 0-0 Bd6 9. Bg5 Bg4 10. c3 h6 11. Bh4 Qc7 12. h3 Bh5 13. b4 Ne4 14. b5 Na5 15. Qe2 f5 16. Rc1 g5 17. Bg3 Bxg3 18. fxg3 Nb3 19. Qb2 Nxc1 20. Qxc1 Bxf3 21. Bxe4 Bxe4 22. Nd2 Qxg3 23. c4 Qxg2# 0-1

[Event "Titled Tuesday intern op 06th Feb Early"]
[Site "Chess.com INT"]
[Date "2024.02.06"]
[Round "9"]
[White "Dahlgren, James Allen"]
[Black "Aguiar de Sousa, Daniel"]
[Result "1-0"]
[WhiteElo "1770"]
[BlackElo "2021"]
[PlyCount "57"]
[EventDate "2024.02.06"]
[EventType "swiss (blitz)"]
[EventRounds "11"]
[EventCountry "USA"]
[SourceTitle "CB07_2024"]
[SourceDate "2024.02.14"]
[SourceVersion "1"]
[SourceVersionDate "2024.02.14"]
[SourceQuality "1"]

1. d3 d6 2. f4 Nf6 3. Nf3 g6 4. g3 Bg7 5. Bg2 h5 6. 0-0 0-0 7. e4 c5 8. c4 Nc6 9. Nc3 Nd4 10. h3 Bd7 11. Be3 Nxf3+ 12. Qxf3 Bc6 13. Kh2 e6 14. Rae1 Nd7 15. g4 hxg4 16. hxg4 f5 17. g5 Kf7 18. Kg3 Rh8 19. Rh1 Qa5 20. Nd5 Qxa2 21. exf5 exd5 22. fxg6+ Kg8 23. cxd5 Bb5 24. Rxh8+ Bxh8 25. Bh3 Nf8 26. f5 Re8 27. f6 Re5 28. f7+ Kg7 29. Qf6# 1-0

[Event "Titled Tuesday intern op 06th Feb Early"]
[Site "Chess.com INT"]
[Date "2024.02.06"]
[Round "3"]
[White "Leve, Nitai D"]
[Black "Aguiar de Sousa, Daniel"]
[Result "1-0"]
[WhiteElo "2128"]
[BlackElo "2021"]
[PlyCount "51"]
[EventDate "2024.02.06"]
[EventType "swiss (blitz)"]
[EventRounds "11"]
[EventCountry "USA"]
[SourceTitle "CB07_2024"]
[SourceDate "2024.02.14"]
[SourceVersion "1"]
[SourceVersionDate "2024.02.14"]
[SourceQuality "1"]

1. e4 c5 2. Nf3 Nc6 3. d4 cxd4 4. Nxd4 Nf6 5. Nc3 e5 6. Nb3 Bb4 7. Bc4 Bxc3+ 8. bxc3 0-0 9. 0-0 Nxe4 10. Ba3 d6 11. Qd3 Bf5 12. Rae1 Na5 13. Nxa5 Qxa5 14. Bb4 Qc7 15. Rxe4 Bxe4 16. Qxe4 Kh8 17. Rd1 Rad8 18. Qd5 f5 19. Bxd6 Qc8 20. Be2 Rf6 21. Qxe5 Re6 22. Qg3 Rxe2 23. h4 Qe6 24. Rd3 Re4 25. Be5 Rxd3 26. Qxg7# 1-0

[Event "Titled Tuesday intern op 06th Feb Early"]
[Site "Chess.com INT"]
[Date "2024.02.06"]
[Round "11"]
[White "Mirza, Diana"]
[Black "Aguiar de Sousa, Daniel"]
[Result "0-1"]
[WhiteElo "1926"]
[BlackElo "2021"]
[PlyCount "104"]
[EventDate "2024.02.06"]
[EventType "swiss (blitz)"]
[EventRounds "11"]
[EventCountry "USA"]
[SourceTitle "CB07_2024"]
[SourceDate "2024.02.14"]
[SourceVersion "1"]
[SourceVersionDate "2024.02.14"]
[SourceQuality "1"]

1. d4 Nf6 2. Nf3 g6 3. c4 Bg7 4. Nc3 0-0 5. e4 d6 6. h3 e5 7. d5 a5 8. Be3 Na6 9. Qd2 Nd7 10. g4 Ndc5 11. Be2 Kh8 12. 0-0-0 Nb4 13. Kb1 a4 14. h4 a3 15. b3 f5 16. gxf5 gxf5 17. Bg5 Qe8 18. Bh6 Bxh6 19. Qxh6 fxe4 20. Rdg1 Qf7 21. Ng5 Qg6 22. Ngxe4 Qxh6 23. Nxc5 dxc5 24. Rg5 Bf5+ 25. Kc1 Qf6 26. Rhg1 Rad8 27. Nb5 Rd7 28. Nxa3 Nxa2+ 29. Kb2 Nb4 30. Nb5 Nd3+ 31. Kc3 e4+ 32. Kd2 Nxf2 33. Rf1 Nh3 34. Rgxf5 Qxf5 35. Rxf5 Rxf5 36. Bg4 Rf2+ 37. Ke3 Rdf7 38. Bxh3 R2f3+ 39. Kxe4 Rxh3 40. Ke5 Rxb3 41. Ke6 Rg7 42. Nxc7 Rxc7 43. d6 Rg7 44. d7 Re3+ 45. Kd6 Rd3+ 46. Kc7 Rdxd7+ 47. Kb6 Rd4 48. Kxc5 Rxh4 49. Kb6 Rgg4 50. c5 Rc4 51. Kxb7 Rxc5 52. Kb6 Rc2 0-1

[Event "Titled Tuesday intern op 06th Feb Early"]
[Site "Chess.com INT"]
[Date "2024.02.06"]
[Round "6"]
[White "Mrudul, Dehankar"]
[Black "Aguiar de Sousa, Daniel"]
[Result "1-0"]
[WhiteElo "1968"]
[BlackElo "2021"]
[PlyCount "53"]
[EventDate "2024.02.06"]
[EventType "swiss (blitz)"]
[EventRounds "11"]
[EventCountry "USA"]
[SourceTitle "CB07_2024"]
[SourceDate "2024.02.14"]
[SourceVersion "1"]
[SourceVersionDate "2024.02.14"]
[SourceQuality "1"]

1. e4 c5 2. Nf3 Nc6 3. d4 cxd4 4. Nxd4 Nf6 5. Nc3 e5 6. Ndb5 d6 7. Bg5 a6 8. Na3 b5 9. Nd5 Be7 10. Bxf6 Bxf6 11. c3 Bg5 12. Nc2 0-0 13. a4 Rb8 14. axb5 axb5 15. Bd3 f5 16. exf5 Bxf5 17. Bxf5 Rxf5 18. Qg4 Rf7 19. 0-0 Bh6 20. Ra6 Ne7 21. Qe6 Nxd5 22. Qxd5 Rb6 23. Ra7 Qe8 24. Rfa1 Rb8 25. Rc7 Rc8 26. Rxc8 Qxc8 27. Ra8 1-0

[Event "Titled Tuesday intern op 06th Feb Late"]
[Site "Chess.com INT"]
[Date "2024.02.06"]
[Round "10"]
[White "Reinecke, Katharina"]
[Black "Aguiar de Sousa, Daniel"]
[Result "0-1"]
[WhiteElo "1936"]
[BlackElo "2021"]
[PlyCount "54"]
[EventDate "2024.02.06"]
[EventType "swiss (blitz)"]
[EventRounds "11"]
[EventCountry "USA"]
[SourceTitle "CB07_2024"]
[SourceDate "2024.02.14"]
[SourceVersion "1"]
[SourceVersionDate "2024.02.14"]
[SourceQuality "1"]

1. e4 c5 2. Nf3 Nc6 3. Bb5 e6 4. Bxc6 bxc6 5. 0-0 g6 6. c3 Bg7 7. d4 cxd4 8. cxd4 d5 9. e5 Ne7 10. Nc3 0-0 11. Na4 Rb8 12. Nc5 f6 13. Qc2 fxe5 14. Nxe5 Bxe5 15. dxe5 Nf5 16. Qa4 Rb5 17. Qxa7 Qh4 18. g3 Qd4 19. a4 Qxc5 20. axb5 Qxb5 21. Qa5 Qe2 22. Qd2 Qxe5 23. Ra7 Nd4 24. Kh1 Qe4+ 25. f3 Nxf3 26. Rxf3 Qxf3+ 27. Kg1 Qf1# 0-1

[Event "Fortaleza Cearense-ch"]
[Site "Fortaleza"]
[Date "2024.01.21"]
[Round "6"]
[White "Ferreira Filho, Joao Bosco Filgue"]
[Black "Aguiar de Sousa, Daniel"]
[Result "1-0"]
[WhiteElo "1735"]
[BlackElo "2021"]
[PlyCount "79"]
[EventDate "2024.01.13"]
[EventType "tourn"]
[EventRounds "9"]
[EventCountry "BRA"]
[SourceTitle "CB09_2024"]
[SourceDate "2024.02.28"]
[SourceVersion "1"]
[SourceVersionDate "2024.02.28"]
[SourceQuality "1"]

1. d4 Nf6 2. c4 g6 3. Nc3 Bg7 4. e4 d6 5. f4 0-0 6. Nf3 e5 7. dxe5 dxe5 8. Qxd8 Rxd8 9. Nxe5 b6 10. Nd5 Nxd5 11. exd5 Re8 12. Kf2 Bxe5 13. fxe5 Rxe5 14. Bf4 Rf5 15. Kg3 g5 16. Bxc7 Na6 17. Bd6 Rf6 18. Be7 Rg6 19. Bd3 f5 20. Rhf1 Rg7 21. Rae1 f4+ 22. Kf2 Bg4 23. h3 Bh5 24. d6 Nc5 25. Bc2 Bg6 26. Bxg6 Rxg6 27. Re2 a5 28. Rd1 Nd7 29. Rd5 h6 30. b3 Rc8 31. Re4 Ra8 32. Kf3 Kh7 33. h4 Rag8 34. h5 R6g7 35. Rf5 Rc8 36. Re6 a4 37. Ke4 axb3 38. axb3 Nc5+ 39. Rxc5 bxc5 40. d7 1-0

[Event "Titled Tuesday intern op 09th Jan Early"]
[Site "Chess.com INT"]
[Date "2024.01.09"]
[Round "1"]
[White "Belov, Alexei"]
[Black "Aguiar de Sousa, Daniel"]
[Result "1-0"]
[WhiteElo "2421"]
[BlackElo "2021"]
[PlyCount "55"]
[EventDate "2024.01.09"]
[EventType "swiss (blitz)"]
[EventRounds "11"]
[EventCountry "USA"]
[SourceTitle "CB03_2024"]
[SourceDate "2024.01.17"]
[SourceVersion "1"]
[SourceVersionDate "2024.01.17"]
[SourceQuality "1"]

1. e4 c5 2. Nf3 Nc6 3. d4 cxd4 4. Nxd4 Nf6 5. Nc3 e5 6. Ndb5 d6 7. Bg5 a6 8. Na3 b5 9. Nd5 Be7 10. Bxf6 Bxf6 11. c3 Bg5 12. Nc2 0-0 13. a4 Rb8 14. axb5 axb5 15. Ncb4 Nxb4 16. Nxb4 Kh8 17. Bd3 Bb7 18. 0-0 Bf4 19. Qe2 f5 20. g3 fxe4 21. Bxe4 Bxe4 22. Qxe4 Bh6 23. Nc6 Qc7 24. Nxb8 Rxb8 25. Ra8 g6 26. Rfa1 Bf8 27. Rxb8 Qxb8 28. Ra8 1-0